<?xml version="1.0" encoding="UTF-8"?>
<record
    xmlns:xsi="http://www.w3.org/2001/XMLSchema-instance"
    xsi:schemaLocation="http://www.loc.gov/MARC21/slim http://www.loc.gov/standards/marcxml/schema/MARC21slim.xsd"
    xmlns="http://www.loc.gov/MARC21/slim">

  <leader>04400nam a2200301 i 4500</leader>
  <controlfield tag="003">vecauma</controlfield>
  <controlfield tag="005">20251021152934.0</controlfield>
  <controlfield tag="007">ta</controlfield>
  <controlfield tag="008">251017s1999    ag |||||r|||| 00| 0 spa d</controlfield>
  <datafield tag="020" ind1=" " ind2=" ">
    <subfield code="a">9500715694</subfield>
  </datafield>
  <datafield tag="040" ind1=" " ind2=" ">
    <subfield code="a">vecauma</subfield>
    <subfield code="b">spa</subfield>
    <subfield code="c">vecauma</subfield>
    <subfield code="d">vecauma</subfield>
    <subfield code="e">rda</subfield>
  </datafield>
  <datafield tag="041" ind1="1" ind2=" ">
    <subfield code="a">spa</subfield>
    <subfield code="h">eng</subfield>
  </datafield>
  <datafield tag="099" ind1=" " ind2=" ">
    <subfield code="a">N5300</subfield>
    <subfield code="b">G6</subfield>
    <subfield code="c">1999</subfield>
  </datafield>
  <datafield tag="100" ind1="1" ind2=" ">
    <subfield code="a">Gombrich, E. H. </subfield>
    <subfield code="q">(Ernst Hans), </subfield>
    <subfield code="d">1909-2001</subfield>
    <subfield code="e">autor</subfield>
    <subfield code="9">9348</subfield>
  </datafield>
  <datafield tag="245" ind1="1" ind2="3">
    <subfield code="a">La historia del arte </subfield>
    <subfield code="c">/ E.H. Gombrich</subfield>
  </datafield>
  <datafield tag="264" ind1=" " ind2="1">
    <subfield code="a">Buenos Aires, Argentina :</subfield>
    <subfield code="b">Sudamericana,</subfield>
    <subfield code="c">1999.</subfield>
  </datafield>
  <datafield tag="300" ind1=" " ind2="1">
    <subfield code="a">688 p&#xE1;ginas. </subfield>
  </datafield>
  <datafield tag="336" ind1=" " ind2=" ">
    <subfield code="a">texto</subfield>
    <subfield code="b">txt</subfield>
    <subfield code="2">rdacontenido</subfield>
  </datafield>
  <datafield tag="337" ind1=" " ind2=" ">
    <subfield code="a">no mediado</subfield>
    <subfield code="b">n</subfield>
    <subfield code="2">rdamedio</subfield>
  </datafield>
  <datafield tag="338" ind1=" " ind2=" ">
    <subfield code="a">volumen</subfield>
    <subfield code="b">nc</subfield>
    <subfield code="2">rdasoporte</subfield>
  </datafield>
  <datafield tag="504" ind1=" " ind2=" ">
    <subfield code="a">Incluye referencias bibliogr&#xE1;ficas e &#xED;ndice.</subfield>
  </datafield>
  <datafield tag="505" ind1="0" ind2=" ">
    <subfield code="a">Introducci&#xF3;n : el arte y los artistas. -- Extra&#xF1;os comienzos : pueblos prehist&#xF3;ricos y primitivos; Am&#xE9;rica antigua. -- Arte para la eternidad : Egipto, Mesopotamia, Creta. -- El gran despertar : Grecia, del siglo VII al V a.C. -- El reino de la belleza : Grecia y el mundo griego, del siglo IV a.C. al I. -- Conquistadores del mundo : romanos, budistas, jud&#xED;os y cristianos, del siglo I al IV. -- Una divisi&#xF3;n de caminos :  Roma y Bizancio, del siglo V al XIII. -- Mirando a Oriente : Islam, China, del siglo II al XIII. -- El arte occidental en El crisol : Europa, del siglo VI al XI. -- La iglesia militante : el siglo XII. -- La iglesia triunfante : el siglo XIII. -- Cortesanos y burgueses : el siglo XIV. -- La conquista de la realidad : primera mitad del siglo XV. -- Tradici&#xF3;n e innovaci&#xF3;n, I : segunda mitad del siglo XV en Italia. -- Tradici&#xF3;n e innovaci&#xF3;n, II : el siglo XV en el norte. -- La consecuci&#xF3;n de la armon&#xED;a : Toscana y Roma, primera mitad del siglo XVI. -- Luz y color : Venecia y la Italia septentrional, primera mitad del siglo XVI. -- El curso del nuevo aprendizaje :  Alemania y Pa&#xED;ses Bajos, primera mitad del siglo XVI. -- Una crisis en el arte : Europa, segunda mitad del siglo XVI. -- Visi&#xF3;n y visiones : la Europa cat&#xF3;lica, primera mitad del siglo XVII. -- El espejo de la naturaleza : Holanda, siglo XVII. -- El poder y la gloria, I : Italia, segunda mitad del siglo XVII y siglo XVIII. -- El poder y la gloria, II : Francia, Alemania y Austria, final del siglo XVII y primera mitad del XVIII. -- La edad de la raz&#xF3;n : Inglaterra y Francia, siglo XVIII. -- La ruptura de la tradici&#xF3;n : Inglaterra, Am&#xE9;rica y Francia, final del siglo XVIII y primera mitad del XIX. -- Revoluci&#xF3;n permanente : el siglo XIX. -- En busca de nuevas concepciones : final del siglo XIX. -- Arte experimental : primera mitad del siglo XX. -- Una historia sin fin : el triunfo las vanguardias ; otro cambio de marea ; el pasado cambiante. -- Nota sobre libros de arte. -- Tablas cronol&#xF3;gicas. -- Mapas. -- Directorio de museos y galer&#xED;as de ilustraciones.</subfield>
  </datafield>
  <datafield tag="520" ind1="3" ind2=" ">
    <subfield code="a">&#xC9;ste es uno de los libros sobre arte m&#xE1;s famosos y populares del mundo. Desde que se public&#xF3; -hace 45 a&#xF1;os- no tiene rival como introducci&#xF3;n a todos los aspectos del arte, desde las m&#xE1;s antiguas pinturas en las cavernas hasta el arte experimental de nuestros d&#xED;as. Lectores de todas las edades y especializaciones consideran al profesor Gombrich como un verdadero maestro, que sabe combinar conocimiento y sabidur&#xED;a con una habilidad &#xFA;nica para comunicar directamente su propio y profundo amor hacia las obras de arte que describe. La popularidad permanente de La historia del arte radica en la simplicidad de su lenguaje y en la capacidad del autor para presentar una narraci&#xF3;n clara y directa. Gombrich busca "dar alg&#xFA;n orden inteligible a la cantidad de nombres, per&#xED;odos y estilos que pueblan las p&#xE1;ginas de trabajos m&#xE1;s ambiciosos" y, utilizando su comprensi&#xF3;n de la psicolog&#xED;a de las artes visuales, nos hace ver la historia del arte como "un entrelazamiento y una alteraci&#xF3;n constantes de las tradiciones seg&#xFA;n las que cada obra se refiere al pasado y se&#xF1;ala el futuro", "una cadena viva que todav&#xED;a une a nuestros tiempos con la &#xE9;poca de las pir&#xE1;mides". En su nuevo formato, la edici&#xF3;n de este cl&#xE1;sico seguir&#xE1; conquistando a las generaciones futuras y siendo la primera elecci&#xF3;n de todos aquellos que quieran entrar en contacto con el fascinante mundo del arte.</subfield>
  </datafield>
  <datafield tag="534" ind1=" " ind2=" ">
    <subfield code="p">T&#xED;tulo original: </subfield>
    <subfield code="t">The story of art.</subfield>
  </datafield>
  <datafield tag="650" ind1="1" ind2="0">
    <subfield code="9">9347</subfield>
    <subfield code="a">ARTE</subfield>
    <subfield code="x">HISTORIA</subfield>
  </datafield>
  <datafield tag="942" ind1=" " ind2="1">
    <subfield code="2">lcc</subfield>
    <subfield code="n">0</subfield>
    <subfield code="c">BK</subfield>
  </datafield>
  <datafield tag="999" ind1=" " ind2=" ">
    <subfield code="c">12529</subfield>
    <subfield code="d">12529</subfield>
  </datafield>
  <datafield tag="952" ind1=" " ind2=" ">
    <subfield code="0">0</subfield>
    <subfield code="1">0</subfield>
    <subfield code="2">lcc</subfield>
    <subfield code="4">0</subfield>
    <subfield code="7">0</subfield>
    <subfield code="8">CG</subfield>
    <subfield code="a">BUMA</subfield>
    <subfield code="b">BUMA</subfield>
    <subfield code="c">GEN</subfield>
    <subfield code="d">2025-10-17</subfield>
    <subfield code="e">Donaci&#xF3;n de Gustavo Alem&#xE1;n</subfield>
    <subfield code="l">0</subfield>
    <subfield code="o">N5300 G6 1999</subfield>
    <subfield code="p">00006439</subfield>
    <subfield code="r">2025-10-17</subfield>
    <subfield code="w">2025-10-17</subfield>
    <subfield code="y">BK</subfield>
  </datafield>
</record>
